[Event "Let's Play Chess!"]
[Site "http://www.queenalice.com/game.php?id=1635399"]
[Date "2020.12.5"]
[Round "-"]
[White "rferraz"]
[Black "OsirBon"]
[Result "0-1"]
[WhiteElo "1644"]
[BlackElo "2110"]

1. d4 Nf6 2. c4 e6 3. Nc3 g6 4. Nf3 Bg7 5. e3 d6 6. Be2 O-O 7. O-O b6 8. b3 Bb7
9. Qc2 a5 10. a4 Na6 11. c5 Nb4 12. Qd1 dxc5 13. Nb5 Qe7 14. Rb1 Rad8 15. Bb2 c6
16. Na3 cxd4 17. exd4 c5 18. Nc2 cxd4 19. Nxb4 axb4 20. Bb5 Nd5 21. Qd3 e5 22.
Rfe1 Nc3 23. Rbc1 e4 0-1

[Event "Challenge"]
[Site "http://www.queenalice.com/game.php?id=1635951"]
[Date "2020.12.10"]
[Round "-"]
[White "OsirBon"]
[Black "Vilnius"]
[Result "1-0"]
[WhiteElo "2111"]
[BlackElo "2019"]

1. e4 e5 2. Nf3 d6 3. d4 exd4 4. Nxd4 a6 5. Be2 h6 6. O-O Nf6 7. Nc3 Bd7 8. h3
Nc6 9. a3 Be7 10. Bf4 Nxd4 11. Qxd4 c5 12. Qe3 Be6 13. Rad1 Qc7 14. e5 dxe5 15.
Bxe5 Qa5 16. Ne4 Nd5 17. Qg3 Bf6 18. Nd6+ Ke7 19. Bc4 Bxe5 20. Qxe5 Qc7 21. Rxd5
Kf8 22. Rxc5 Qe7 23. Nxf7 Bxf7 24. Qxe7+ Kxe7 25. Rc7+ Kd6 26. Rxf7 b5 27. Rd1+
Kc5 28. Be2 Rad8 29. b4+ Kb6 30. Rxg7 Rxd1+ 31. Bxd1 Rd8 32. Bf3 Rc8 33. Rg6+
Ka7 34. Be4 Rc3 35. Rxh6 Rxa3 36. f4 Rc3 37. f5 Rc4 38. Bd3 Rxb4 39. f6 Rf4 40.
Rh7+ Kb6 41. f7 Rf6 42. g4 a5 43. g5 Rf4 44. Bg6 a4 45. Rh8 1-0

[Event "Let's Play Chess!"]
[Site "http://www.queenalice.com/game.php?id=1636838"]
[Date "2020.12.19"]
[Round "-"]
[White "charles31"]
[Black "OsirBon"]
[Result "0-1"]
[WhiteElo "1757"]
[BlackElo "2133"]

1. d4 Nf6 2. Nc3 e6 3. h3 Bb4 4. Bd2 O-O 5. a3 Ba5 6. Nf3 Nc6 7. e3 a6 8. Bd3 d6
9. g4 h6 10. Nh2 e5 11. dxe5 Nxe5 12. f4 Nxd3+ 13. cxd3 Bb6 14. h4 Nd7 15. Nf3
Re8 16. Na4 Bxe3 17. Bxe3 Rxe3+ 18. Kd2 Qe8 19. Re1 Rxe1 20. Qxe1 Qxe1+ 21. Rxe1
b5 22. Nc3 Nc5 23. Kc2 Bxg4 24. Nd4 Bd7 25. f5 Rb8 26. b4 Na4 27. Nxa4 bxa4 28.
Re7 Rd8 29. h5 c5 30. bxc5 dxc5 31. Ne2 Bxf5 32. Nf4 c4 33. Kc3 cxd3 34. Kd2 Rd4
35. Re8+ Kh7 36. Re5 Rxf4 37. Ra5 Rf2+ 38. Ke1 d2+ 0-1

[Event "Challenge"]
[Site "http://www.queenalice.com/game.php?id=1638755"]
[Date "2021.1.3"]
[Round "-"]
[White "charles31"]
[Black "OsirBon"]
[Result "0-1"]
[WhiteElo "1667"]
[BlackElo "2134"]

1. e4 c6 2. a3 d5 3. exd5 cxd5 4. d4 Bf5 5. Nc3 e6 6. Bb5+ Nc6 7. h3 Bd6 8. Nf3
Ne7 9. Bxc6+ bxc6 10. Bg5 h6 11. Bh4 Qc7 12. g4 Bh7 13. Qd2 Bf4 14. Qe2 g5 15.
Bg3 Bxg3 16. fxg3 Qxg3+ 17. Qf2 Qxf2+ 18. Kxf2 Bxc2 19. b4 a5 20. b5 Rb8 21. a4
Be4 22. Rh2 Bxf3 23. Kxf3 h5 24. gxh5 Rxh5 25. Kg4 Rh8 26. Kxg5 Kd7 27. Kf6 Rbg8
28. Kxf7 Rh7+ 29. Kf6 Rf8+ 30. Kg5 Rg7+ 31. Kh6 Nf5+ 32. Kh5 Rh8# 0-1

[Event "Let's Play Chess!"]
[Site "http://www.queenalice.com/game.php?id=1640342"]
[Date "2021.1.17"]
[Round "-"]
[White "askasl159"]
[Black "OsirBon"]
[Result "0-1"]
[WhiteElo "1824"]
[BlackElo "2135"]

1. e4 c6 2. d4 d5 3. e5 Bf5 4. Bd3 Bxd3 5. Qxd3 e6 6. c4 dxc4 7. Qxc4 Qd5 8.
Qxd5 cxd5 9. a3 Nc6 10. Nf3 Rc8 11. O-O Na5 12. b4 Nb3 13. Nbd2 Nxa1 14. Bb2 Nc2
15. Nb3 Nxb4 16. axb4 Bxb4 17. h3 Rc2 18. Rb1 Ne7 19. Nc1 O-O 20. Nd3 Rfc8 21.
Nxb4 R2c4 22. Nd3 b6 23. Ba3 Nc6 24. Rc1 Rxc1+ 25. Bxc1 Nxd4 26. Nxd4 Rc3 27.
Nb4 Rxc1+ 28. Kh2 Rc4 29. Nbc2 a5 30. Kg3 a4 31. Kf3 a3 32. Ke3 a2 33. Kd3 f6
34. Nb3 fxe5 35. f3 Kf7 36. g3 Kf6 37. Nc1 Rxc2 38. Kxc2 a1=Q 0-1

[Event "Let's Play Chess!"]
[Site "http://www.queenalice.com/game.php?id=1643383"]
[Date "2021.2.12"]
[Round "-"]
[White "toumba"]
[Black "OsirBon"]
[Result "0-1"]
[WhiteElo "1943"]
[BlackElo "2164"]

1. d4 Nf6 2. Bg5 e6 3. e4 h6 4. Bxf6 Qxf6 5. c3 b6 6. Bd3 Bb7 7. Qf3 Be7 8. Qxf6
Bxf6 9. f4 O-O 10. Nf3 Nc6 11. O-O d6 12. e5 Be7 13. Nbd2 Rfd8 14. Bc2 d5 15. g4
Ba6 16. Rf2 Nb8 17. h4 c5 18. f5 exf5 19. gxf5 Nc6 20. Re1 cxd4 21. cxd4 Nb4 22.
Nb3 Rac8 23. Bb1 Nd3 24. Bxd3 Bxd3 25. e6 fxe6 26. fxe6 Re8 27. h5 Bd8 28. Nbd2
Bf6 29. Re3 Bf5 30. Ne5 Bxe6 31. Nb3 Bf7 32. Rf5 Bg5 33. Rc3 Rxc3 34. bxc3 Bxh5
35. a4 Bd1 36. Na1 Bxa4 0-1

[Event "Challenge"]
[Site "http://www.queenalice.com/game.php?id=1644870"]
[Date "2021.2.26"]
[Round "-"]
[White "bonow"]
[Black "OsirBon"]
[Result "1-0"]
[WhiteElo "2140"]
[BlackElo "2180"]

1. d4 Nf6 2. c4 e6 3. Nc3 g6 4. Nf3 Bg7 5. e4 d6 6. Be2 b6 7. d5 O-O 8. O-O Bb7
9. Be3 Nbd7 10. Qc2 a5 11. a4 Re8 12. Nd4 e5 13. Ndb5 Nc5 14. f4 exf4 15. Rxf4
Bh6 16. Rf3 Bxe3+ 17. Rxe3 c6 18. dxc6 Bxc6 19. Bf3 d5 20. e5 Nfe4 21. cxd5 Nxc3
22. Nxc3 Qg5 23. Ree1 Bb7 24. Qe2 Rad8 25. Qe3 Qh4 26. Rad1 f5 27. Rd4 Qe7 28.
d6 Qd7 29. Bd5+ Bxd5 30. Nxd5 Ne4 31. Rxe4 Rf8 32. Rh4 Qg7 33. Ne7+ Kh8 34. Qg5
1-0

[Event "Challenge"]
[Site "http://www.queenalice.com/game.php?id=1644871"]
[Date "2021.2.26"]
[Round "-"]
[White "OsirBon"]
[Black "bonow"]
[Result "1-0"]
[WhiteElo "2169"]
[BlackElo "2151"]

1. e4 c5 2. Nf3 Nc6 3. Bb5 Nf6 4. O-O e5 5. Bxc6 bxc6 6. Nc3 d5 7. exd5 cxd5 8.
Nxe5 Bd6 9. Re1 O-O 10. d4 cxd4 11. Qxd4 Bb7 12. Bg5 Qb6 13. Qxb6 axb6 14. Bxf6
gxf6 15. Nd7 Rfd8 16. Nxb6 Ra6 17. Nbxd5 Bxd5 18. Nxd5 Bxh2+ 19. Kxh2 Rxd5 20.
Re3 Rd2 21. Rg3+ Kf8 22. Rh3 Kg7 23. Re1 Rxc2 24. Re8 f5 25. Rg3+ Kf6 26. Rh8
Rxa2 27. Rxh7 Rc7 28. Rh6+ Ke7 29. Re3+ Kf8 30. Rb3 Rc2 31. Rb8+ Ke7 32. Rb7+
Kf8 33. Rh7 Rc4 34. Rhxf7+ Kg8 35. Rg7+ Kf8 36. Rh7 Ke8 37. Rh8# 1-0

[Event "Challenge"]
[Site "http://www.queenalice.com/game.php?id=1647495"]
[Date "2021.3.23"]
[Round "-"]
[White "jpribeiro"]
[Black "OsirBon"]
[Result "1-0"]
[WhiteElo "1926"]
[BlackElo "2167"]

1. e4 c6 2. d4 d5 3. Nd2 dxe4 4. Nxe4 Bf5 5. Ng3 Bg6 6. h4 h6 7. h5 Bh7 8. Nf3
e6 9. Bd3 Bxd3 10. Qxd3 Bd6 11. Ne4 Bc7 12. Be3 Nf6 13. Nxf6+ Qxf6 14. O-O-O Nd7
15. c3 O-O 16. Nd2 a5 17. Ne4 Qe7 18. g4 b5 19. g5 f5 20. gxf6 Nxf6 21. Rdg1 b4
22. Bxh6 Bf4+ 23. Bxf4 Nxe4 24. Qxe4 bxc3 25. h6 cxb2+ 26. Kb1 Rf7 27. hxg7 Rxg7
28. Qh7+ 1-0

[Event "Challenge"]
[Site "http://www.queenalice.com/game.php?id=1649216"]
[Date "2021.4.10"]
[Round "-"]
[White "OsirBon"]
[Black "bonow"]
[Result "0-1"]
[WhiteElo "2134"]
[BlackElo "2103"]

1. e4 e5 2. Nf3 Nc6 3. Bc4 Nf6 4. d3 Be7 5. O-O O-O 6. a3 d5 7. exd5 Nxd5 8. h3
Bf5 9. Re1 Qd6 10. Nc3 Nxc3 11. bxc3 Bf6 12. Ng5 Bxg5 13. Bxg5 h6 14. Bh4 Rac8
15. Qf3 Bg6 16. Bd5 Rfe8 17. Qg3 Qxd5 18. f4 exf4 19. Rxe8+ Rxe8 20. Qxf4 Qf5
21. Qxc7 Qc5+ 22. Bf2 Qxc3 23. Rb1 b6 24. Qd6 Qxc2 25. Re1 Rxe1+ 26. Bxe1 Qc5+
27. Qxc5 bxc5 0-1

[Event "Challenge"]
[Site "http://www.queenalice.com/game.php?id=1649217"]
[Date "2021.4.10"]
[Round "-"]
[White "bonow"]
[Black "OsirBon"]
[Result "1-0"]
[WhiteElo "2085"]
[BlackElo "2148"]

1. e4 c6 2. d4 d5 3. e5 Bf5 4. Nf3 e6 5. Bd3 Bxd3 6. Qxd3 Ne7 7. O-O Nf5 8. Bg5
Qc7 9. c4 h6 10. Be3 Nxe3 11. Qxe3 Na6 12. c5 Nb4 13. Qd2 a5 14. Nc3 b6 15. a3
Na6 16. cxb6 Qxb6 17. Rac1 Be7 18. Na4 Qb3 19. Qxa5 O-O 20. Rc3 Qb7 21. Qb6 Rab8
22. Rxc6 Qxb6 23. Nxb6 Bd8 24. Nd7 Rxb2 25. Nxf8 Kxf8 26. Rxa6 Kg8 27. Ra8 1-0

[Event "Let's Play Chess!"]
[Site "http://www.queenalice.com/game.php?id=1649227"]
[Date "2021.4.12"]
[Round "-"]
[White "igorjava"]
[Black "OsirBon"]
[Result "1-0"]
[WhiteElo "2051"]
[BlackElo "2121"]

1. e4 c6 2. c4 d5 3. e5 Bf5 4. d4 e6 5. c5 Ne7 6. Nc3 h6 7. Bd3 Bxd3 8. Qxd3 Ng6
9. Nf3 Be7 10. b4 a6 11. O-O O-O 12. Be3 Nd7 13. Nd2 b6 14. Rfb1 b5 15. Nb3 f5
16. Na5 Qc8 17. f4 Bd8 18. Nb3 a5 19. a3 a4 20. Nd2 Nh4 21. g3 Ng6 22. Qe2 Be7
23. Qh5 Qe8 24. Kh1 Nh8 25. Qe2 g6 26. h4 h5 27. Nf3 Nf7 28. Nd1 Nh6 29. Nf2 Ng4
30. Nxg4 fxg4 31. Ng5 Bxg5 32. fxg5 Rf3 33. Rf1 Rxg3 34. Rf2 Rh3+ 35. Rh2 Rf3
36. Rf1 Rg3 37. Qe1 Nxe5 38. Qxg3 Nf3 39. Rxf3 gxf3 40. Qxf3 Qe7 41. Qf6 Qf7 42.
Rf2 Rf8 43. Kg2 Qxf6 44. gxf6 Kf7 45. Bg5 Re8 46. Re2 Rf8 47. Kg3 Re8 48. Kf4
Rd8 49. Ke5 Rd7 50. Kf4 Rd8 51. Kg3 Re8 52. Rf2 Rd8 53. Bh6 Rf8 54. Bxf8 1-0

[Event "Let's Play Chess!"]
[Site "http://www.queenalice.com/game.php?id=1764073"]
[Date "2021.7.10"]
[Round "-"]
[White "charles31"]
[Black "OsirBon"]
[Result "0-1"]
[WhiteElo "1677"]
[BlackElo "2107"]

1. e4 c6 2. d4 d5 3. e5 Bf5 4. Bd3 Bxd3 5. Qxd3 e6 6. a3 c5 7. dxc5 Bxc5 8. Qb5+
Nd7 9. Nf3 Qc7 10. Bf4 a6 11. Qd3 Ne7 12. Nc3 O-O 13. Ng5 Ng6 14. O-O-O h6 15.
Nh3 Nxf4 16. Nxf4 Nxe5 17. Qd2 Nc4 18. Qe2 Qxf4+ 19. Kb1 b5 20. f3 b4 21. axb4
Bxb4 22. Na2 Ba5 23. g3 Qf6 24. Qd3 Qxb2# 0-1

[Event "Challenge"]
[Site "http://www.queenalice.com/game.php?id=1764096"]
[Date "2021.7.10"]
[Round "-"]
[White "OsirBon"]
[Black "bonow"]
[Result "0-1"]
[WhiteElo "2096"]
[BlackElo "2161"]

1. e4 c5 2. Nf3 Nc6 3. Bc4 e6 4. c3 d5 5. exd5 exd5 6. Bb5 Bd7 7. O-O Nf6 8. c4
d4 9. d3 Be7 10. Nbd2 O-O 11. h3 Bd6 12. Re1 Qc7 13. Nf1 h6 14. Bd2 Bf5 15. Qc2
a6 16. Ba4 Rfd8 17. a3 Rdb8 18. Bxc6 Qxc6 19. b4 b6 20. bxc5 bxc5 21. Rab1 Rxb1
22. Rxb1 Bxh3 23. Nh4 Bg4 24. Qc1 Re8 25. Bxh6 Bf8 26. Bg5 Be2 27. Qd2 Bg4 28.
f3 Bc8 29. Ng3 Nh7 30. Ne4 f6 31. Bh6 gxh6 32. Qf4 Qd7 33. Rb6 Re6 34. Rxe6 Qxe6
35. Ng6 f5 36. Nxf8 Nxf8 37. Nxc5 Qe3+ 38. Qxe3 dxe3 39. f4 Ng6 40. g3 h5 41.
Kf1 h4 42. gxh4 Nxf4 43. d4 Kf7 44. Nb3 Ng6 45. Ke2 f4 46. h5 Bg4+ 47. Kd3 Bxh5
48. Nc1 Ke7 49. a4 Kd8 50. Ke4 e2 51. Nxe2 Bxe2 0-1

[Event "Challenge"]
[Site "http://www.queenalice.com/game.php?id=1764097"]
[Date "2021.7.10"]
[Round "-"]
[White "bonow"]
[Black "OsirBon"]
[Result "1-0"]
[WhiteElo "2160"]
[BlackElo "2115"]

1. e4 c6 2. d4 d5 3. e5 e6 4. Nf3 c5 5. Bb5+ Nc6 6. c3 Bd7 7. Qe2 a6 8. Bxc6
Bxc6 9. Bg5 Qc7 10. Nbd2 cxd4 11. Nxd4 Bd7 12. O-O Bc5 13. Rfe1 h6 14. Qh5 g6
15. Qh4 Be7 16. Bxe7 Nxe7 17. Qf6 Rf8 18. a4 Nf5 19. Nxf5 gxf5 20. Nf3 Qc4 21.
Qxh6 O-O-O 22. Nd2 Qg4 23. f3 Qg6 24. Qxg6 fxg6 25. f4 Rh8 26. Nf3 b5 27. axb5
Bxb5 28. Ng5 Be8 29. Rxa6 d4 30. Ra8+ Kd7 31. Rxd8+ Kxd8 32. Nxe6+ Ke7 33. Nxd4
Bd7 34. Ra1 Rh4 35. g3 Rh8 36. Ra7 Rc8 37. e6 1-0

[Event "Let's Play Chess!"]
[Site "http://www.queenalice.com/game.php?id=1764520"]
[Date "2021.7.17"]
[Round "-"]
[White "OsirBon"]
[Black "Olavio"]
[Result "1-0"]
[WhiteElo "2108"]
[BlackElo "1943"]

1. e4 e5 2. Nf3 Nc6 3. Bc4 Bc5 4. c3 Nf6 5. d3 d6 6. h3 Qe7 7. Bg5 Be6 8. Bb5
O-O 9. O-O h6 10. Bh4 g5 11. Bg3 Nh5 12. Bh2 Nf4 13. Bxf4 exf4 14. Bxc6 bxc6 15.
d4 Bb6 16. e5 dxe5 17. Nxe5 Rad8 18. Nxc6 Qd7 19. Nxd8 Rxd8 20. Nd2 g4 21. Ne4
Kg7 22. h4 Bf5 23. Re1 Qc6 24. Nd2 Qf6 25. Nc4 Qxh4 26. Nxb6 cxb6 27. Kf1 f3 28.
gxf3 gxf3 29. Qxf3 Bh3+ 30. Kg1 Rd6 31. Qe3 Qg4+ 32. Qg3 Rg6 33. Qxg4 Bxg4 34.
Kh2 h5 35. Re7 h4 36. Rg1 Kf6 37. Rxa7 Be6 38. Rxg6+ Kxg6 39. Ra6 Kg5 40. a3 f5
41. Rxb6 Bd5 42. Rd6 Bf3 43. b4 Bg4 44. b5 1-0

[Event "Challenge"]
[Site "http://www.queenalice.com/game.php?id=1766226"]
[Date "2021.8.5"]
[Round "-"]
[White "OsirBon"]
[Black "Igel"]
[Result "0-1"]
[WhiteElo "2112"]
[BlackElo "2018"]

1. e4 c5 2. Nf3 e6 3. Bc4 a6 4. c3 d5 5. exd5 exd5 6. Qe2+ Be7 7. Bb3 Nf6 8. O-O
O-O 9. h3 Re8 10. Qd1 Nc6 11. d3 Bf5 12. Bf4 d4 13. c4 Nh5 14. Bh2 Bd6 15. Bxd6
Qxd6 16. Nh4 Bg6 17. Nd2 Nf4 18. Nxg6 Qxg6 19. Qf3 Nxd3 20. Bc2 Nce5 21. Qxb7
Rab8 22. Qxa6 Qxa6 0-1

[Event "Challenge"]
[Site "http://www.queenalice.com/game.php?id=1766537"]
[Date "2021.8.9"]
[Round "-"]
[White "Olavio"]
[Black "OsirBon"]
[Result "0-1"]
[WhiteElo "1980"]
[BlackElo "2104"]

1. Nf3 d5 2. d4 Nc6 3. Nc3 Bf5 4. Bf4 Nf6 5. e3 a6 6. Bd3 Ne4 7. Ne5 Nxe5 8.
Bxe5 f6 9. Nxe4 dxe4 10. g4 exd3 11. gxf5 fxe5 12. Qxd3 exd4 13. exd4 Qd5 14.
Kd2 O-O-O 15. c3 Qg2 16. Raf1 c5 17. Rhg1 Qxh2 18. Qc4 Qf4+ 19. Kc2 Qxf5+ 20.
Kb3 Rd5 21. a4 Kb8 22. Rd1 e6 23. Rge1 Be7 24. Rd2 Rhd8 25. Rde2 cxd4 26. Rxe6
Bf6 27. Rb6 dxc3 28. Ree6 R5d6 29. Qxa6 Qxe6+ 30. Ka3 Rxb6 0-1

[Event "Challenge"]
[Site "http://www.queenalice.com/game.php?id=1766538"]
[Date "2021.8.9"]
[Round "-"]
[White "OsirBon"]
[Black "Olavio"]
[Result "1-0"]
[WhiteElo "2083"]
[BlackElo "1945"]

1. e4 e5 2. Nf3 Nc6 3. Bc4 Be7 4. O-O Nf6 5. d3 a5 6. c3 d5 7. exd5 Nxd5 8. Re1
Bf6 9. d4 O-O 10. Nxe5 Be6 11. Nxc6 bxc6 12. Nd2 Qd7 13. Nb3 Rfe8 14. Nc5 Qc8
15. Qd3 g6 16. Qf3 Bg4 17. Rxe8+ Qxe8 18. Qxg4 Qe1+ 19. Bf1 h6 20. Nd7 Bg7 21.
Qe2 Re8 22. Ne5 Qxe2 23. Bxe2 f6 24. Nxc6 Rxe2 25. Kf1 Re6 26. Nxa5 g5 27. h3 f5
28. Nc4 f4 29. f3 Ne3+ 30. Bxe3 fxe3 31. Re1 Ra6 32. a3 Bf8 33. Rxe3 Ra4 34. b4
c5 35. dxc5 Bxc5 36. Re5 Bf8 37. Na5 Rxa3 38. Nc6 Rxc3 39. b5 Bc5 40. Ke2 Bd6
41. Re6 Bf4 42. Rxh6 Rb3 43. Nd4 Rb2+ 44. Kf1 Be3 45. Nf5 Bf4 46. b6 Rb5 47. g4
Rb2 48. Re6 Kf7 49. Re7+ Kf6 50. b7 Rb5 51. Rh7 Ke5 52. Ke2 Kd5 53. h4 gxh4 54.
Nxh4 Kc6 55. Nf5 Rxb7 56. Rxb7 Kxb7 57. Kd3 Kc6 58. Ne3 Kd6 59. Ke4 Bh2 60. Nd5
Ke6 61. f4 Kf7 62. f5 Bd6 63. g5 Bg3 64. f6 Kg6 65. Ne7+ Kf7 66. Kf5 Bd6 67. g6+
Kf8 68. g7+ 1-0

[Event "Challenge"]
[Site "http://www.queenalice.com/game.php?id=1771876"]
[Date "2021.10.10"]
[Round "-"]
[White "OsirBon"]
[Black "dave_j"]
[Result "1-0"]
[WhiteElo "2105"]
[BlackElo "2088"]

1. e4 c5 2. Nf3 e6 3. Nc3 g6 4. Be2 b6 5. d4 Bb7 6. d5 exd5 7. exd5 Bg7 8. Nb5
Bf8 9. d6 Na6 10. Bg5 Nf6 11. Bc4 h6 12. Qe2+ Be4 13. Bxf6 Qxf6 14. Qxe4+ 1-0

[Event "Let's Play Chess!"]
[Site "http://www.queenalice.com/game.php?id=1772964"]
[Date "2021.10.23"]
[Round "-"]
[White "igorjava"]
[Black "OsirBon"]
[Result "0-1"]
[WhiteElo "1986"]
[BlackElo "2116"]

1. e4 c6 2. Nf3 d5 3. e5 e6 4. d4 h6 5. c4 Ne7 6. c5 b6 7. b4 a5 8. Bd2 axb4 9.
Bxb4 Ng6 10. Nbd2 Na6 11. Qa4 bxc5 12. dxc5 Nxb4 13. Qxb4 Qc7 14. Qc3 Be7 15. a4
Ra5 16. Nb3 Ra7 17. a5 O-O 18. g3 f6 19. Bd3 Nxe5 20. Nxe5 fxe5 21. O-O e4 22.
Be2 Bf6 23. Nd4 Bxd4 24. Qxd4 Rxa5 25. Rxa5 Qxa5 26. Ra1 Qc7 27. Bg4 e5 28. Qd1
Qf7 29. Qe2 Bxg4 30. Qxg4 Qxf2+ 31. Kh1 e3 32. Qe6+ Kh7 33. Qxc6 e2 0-1

[Event "Let's Play Chess!"]
[Site "http://www.queenalice.com/game.php?id=1791987"]
[Date "2022.7.11"]
[Round "-"]
[White "Charles56"]
[Black "OsirBon"]
[Result "1-0"]
[WhiteElo "1717"]
[BlackElo "2124"]

1. d4 Nf6 2. Nc3 g6 3. e4 d6 4. h3 Bg7 5. Nf3 O-O 6. Bc4 Nc6 7. Be3 Re8 8. a3 a6
9. Nd5 Nxe4 10. Bd3 Nf6 11. Nxf6+ Bxf6 12. Bc4 b5 13. Bb3 Na5 14. Ba2 Nc4 15.
Bxc4 bxc4 16. Qd2 d5 17. c3 Bf5 18. Bg5 Qd6 19. O-O Bg7 20. Bf4 Qd7 21. Bh6 Bxh3
22. Bxg7 Bxg2 23. Be5 Qh3 24. Nh2 Bxf1 25. Rxf1 f6 26. Bxc7 e5 27. dxe5 Qd7 28.
Bb6 fxe5 29. f3 Rab8 30. Bc5 Rb5 31. Bf2 e4 32. Bd4 Qd6 33. Qg2 Reb8 34. Rf2 Qf4
35. fxe4 Qxe4 36. Nf3 Qb1+ 37. Kh2 Rxb2 38. Nd2 Qe1 39. Qxd5+ 1-0